000 01130nam a22002537a 4500
003 NALT
005 20251125232958.0
008 s2547 th tha d
020 _a9741330162
040 _aNALT
041 _atha
050 _aHD 85.T5
_bส766ห 2547
100 0 _aสุดใจ ทูลพานิชย์กิจ
_957273
245 1 0 _aหลักการพัฒนาเศรษฐกิจ /
_cสุดใจ ทูลพานิชย์กิจ.
260 _aกรุงเทพฯ :
_bสำนักพิมพ์แห่งจุฬาลงกรณ์มหาวิทยาลัย,
_c2547
300 _a323 หน้า :
_bภาพประกอบ, ตาราง ;
_c25 ซม.
650 0 4 _aการวางแผนพัฒนาเศรษฐกิจ
650 0 4 _aการพัฒนาเศรษฐกิจ
650 0 4 _aไทย -- ภาวะเศรษฐกิจ
850 _aNALT
856 4 0 _uhttps://hdl.handle.net/20.500.14156/336732
942 _cGB
_2lcc
999 _c46942
_d46942
998 _j109
_k อารีรัตน์ วิชาช่าง